[Event "Titled Tuesday intern op 20th May Late"]
[Site "Chess.com INT"]
[Date "2025.05.20"]
[Round "10"]
[White "Luong, Phuong Hanh"]
[Black "Velikanov, Alexander"]
[Result "0-1"]
[WhiteElo "2144"]
[BlackElo "2372"]
[PlyCount "72"]
[EventDate "2025.05.20"]
[EventType "swiss (blitz)"]
[EventRounds "11"]
[EventCountry "USA"]
[SourceTitle "CB22_2025"]
[SourceDate "2025.05.28"]
[SourceVersion "1"]
[SourceVersionDate "2025.05.28"]
[SourceQuality "1"]

1. d4 d6 2. Nf3 Nf6 3. g3 g6 4. Bg2 Bg7 5. 0-0 0-0 6. a4 Nbd7 7. a5 a6 8. Nc3 e5 9. e4 exd4 10. Nxd4 Re8 11. Re1 Ne5 12. h3 c5 13. Nf3 Nc6 14. Bg5 h6 15. Bf4 Bf8 16. Qd2 g5 17. Be3 Nxa5 18. Bxg5 hxg5 19. Qxg5+ Bg7 20. e5 dxe5 21. Nxe5 Be6 22. Red1 Qb6 23. Ne4 Nxe4 24. Bxe4 f6 25. Qh5 fxe5 26. Bh7+ Kf8 27. Qf3+ Bf7 28. Rd7 Re7 29. Rad1 Qf6 30. Qc3 Nc6 31. Qxc5 Be6 32. Rxb7 Nd4 33. Rd3 Rc8 34. Qd6 Bxh3 35. Qa3 Rxc2 36. Rxd4 Qxf2+ 0-1

[Event "Titled Tuesday intern op 18th Mar Late"]
[Site "Chess.com INT"]
[Date "2025.03.18"]
[Round "3"]
[White "Harikrishna, Pentala"]
[Black "Velikanov, Alexander"]
[Result "1-0"]
[WhiteElo "2704"]
[BlackElo "2377"]
[PlyCount "47"]
[EventDate "2025.03.18"]
[EventType "swiss (blitz)"]
[EventRounds "11"]
[EventCountry "USA"]
[SourceTitle "CB13_2025"]
[SourceDate "2025.03.26"]
[SourceVersion "1"]
[SourceVersionDate "2025.03.26"]
[SourceQuality "1"]

1. d4 d6 2. e4 Nf6 3. Nc3 e5 4. Nf3 Nbd7 5. Bc4 Be7 6. 0-0 0-0 7. a4 c6 8. a5 h6 9. h3 Re8 10. Re1 Qc7 11. Be3 Nf8 12. dxe5 dxe5 13. Qb1 Be6 14. Qa2 Bxc4 15. Qxc4 Ne6 16. Ne2 b5 17. axb6 axb6 18. Ng3 b5 19. Qc3 Bd6 20. Rxa8 Rxa8 21. Rd1 Ra4 22. b3 Nxe4 23. Qd3 Nxg3 24. bxa4 1-0

[Event "Titled Tuesday intern op 11th Mar Early"]
[Site "Chess.com INT"]
[Date "2025.03.11"]
[Round "3"]
[White "Ouakhir, Pierre Mehdi"]
[Black "Velikanov, Alexander"]
[Result "0-1"]
[WhiteElo "2193"]
[BlackElo "2377"]
[PlyCount "63"]
[EventDate "2025.03.11"]
[EventType "swiss (blitz)"]
[EventRounds "11"]
[EventCountry "USA"]
[SourceTitle "CB12_2025"]
[SourceDate "2025.03.19"]
[SourceVersion "1"]
[SourceVersionDate "2025.03.19"]
[SourceQuality "1"]

1. d4 d5 2. c4 e5 3. dxe5 d4 4. Nf3 Nc6 5. Nbd2 Nge7 6. Nb3 Nf5 7. g4 Nh4 8. Nfxd4 Bxg4 9. Nxc6 bxc6 10. Qxd8+ Rxd8 11. Bg5 Be7 12. Bxe7 Kxe7 13. Rd1 Nf3+ 14. exf3 Rxd1+ 15. Kxd1 Bxf3+ 16. Be2 Bxh1 17. f3 h5 18. Ke1 Bg2 19. Nd4 Kd7 20. Kf2 Bh3 21. Kg3 Be6 22. h4 a5 23. f4 g6 24. b3 a4 25. b4 a3 26. Nc2 Ra8 27. Kf2 Ra4 28. Ke3 c5 29. bxc5 Bxc4 30. Bxc4 Rxc4 31. Kd3 Rxf4 32. Nd4 0-1

[Event "Titled Tuesday intern op 11th Mar Early"]
[Site "Chess.com INT"]
[Date "2025.03.11"]
[Round "6"]
[White "Velikanov, Alexander"]
[Black "Cieslak, Patryk"]
[Result "1-0"]
[WhiteElo "2377"]
[BlackElo "2411"]
[PlyCount "69"]
[EventDate "2025.03.11"]
[EventType "swiss (blitz)"]
[EventRounds "11"]
[EventCountry "USA"]
[SourceTitle "CB12_2025"]
[SourceDate "2025.03.19"]
[SourceVersion "1"]
[SourceVersionDate "2025.03.19"]
[SourceQuality "1"]

1. e4 d6 2. g3 Nf6 3. Bg2 c5 4. c3 Nc6 5. Ne2 g6 6. d4 cxd4 7. cxd4 Bg7 8. Nbc3 0-0 9. 0-0 Bg4 10. h3 Bd7 11. Be3 a6 12. f4 Na5 13. b3 Rc8 14. e5 Ne8 15. g4 Nc7 16. Qd2 dxe5 17. fxe5 Nc6 18. Bh6 Bxh6 19. Qxh6 Be6 20. d5 Nxd5 21. Bxd5 Bxd5 22. Rad1 Qb6+ 23. Kh2 Be6 24. Ne4 Qa5 25. Nf6+ exf6 26. exf6 Qe5+ 27. Kg1 Qxf6 28. Rxf6 Nb4 29. Nf4 Bd7 30. Rxd7 Rc1+ 31. Kf2 Rc2+ 32. Kg3 Rc3+ 33. Kh4 Nc6 34. Ne6 Rxh3+ 35. Kxh3 1-0

[Event "Titled Tuesday intern op 25th Feb Early"]
[Site "Chess.com INT"]
[Date "2025.02.25"]
[Round "3"]
[White "Grischuk, Alexander"]
[Black "Velikanov, Alexander"]
[Result "0-1"]
[WhiteElo "2687"]
[BlackElo "2377"]
[PlyCount "86"]
[EventDate "2025.02.25"]
[EventType "swiss (blitz)"]
[EventRounds "11"]
[EventCountry "USA"]
[SourceTitle "CB10_2025"]
[SourceDate "2025.03.05"]
[SourceVersion "1"]
[SourceVersionDate "2025.03.05"]
[SourceQuality "1"]

1. d4 Nf6 2. c4 g6 3. g3 Bg7 4. Bg2 0-0 5. Nc3 d6 6. Nf3 Nbd7 7. 0-0 e5 8. e4 c6 9. Be3 Ng4 10. Bg5 f6 11. Bc1 f5 12. d5 Nc5 13. Bg5 Bf6 14. Bxf6 Qxf6 15. exf5 gxf5 16. b4 Nd7 17. dxc6 bxc6 18. h3 Nh6 19. b5 Bb7 20. bxc6 Bxc6 21. Nd5 Bxd5 22. Qxd5+ Nf7 23. Nh4 Rac8 24. Qf3 Ng5 25. Qb7 Nb6 26. Rac1 Kh8 27. c5 dxc5 28. Qxa7 e4 29. a4 c4 30. a5 Nd5 31. a6 c3 32. Qb7 Nc7 33. a7 Na8 34. Rc2 Ne6 35. Rd1 Nd4 36. Rxd4 Qxd4 37. Bf1 Qd1 38. Ra2 c2 39. Qb2+ Kg8 40. Qb3+ Rf7 41. Rxc2 Qxc2 42. Qb8 Qc7 43. Qb3 Kh8 0-1

[Event "Titled Tuesday intern op 25th Feb Early"]
[Site "Chess.com INT"]
[Date "2025.02.25"]
[Round "8"]
[White "Popov, Konstantin"]
[Black "Velikanov, Alexander"]
[Result "1-0"]
[WhiteElo "2376"]
[BlackElo "2377"]
[PlyCount "107"]
[EventDate "2025.02.25"]
[EventType "swiss (blitz)"]
[EventRounds "11"]
[EventCountry "USA"]
[SourceTitle "CB10_2025"]
[SourceDate "2025.03.05"]
[SourceVersion "1"]
[SourceVersionDate "2025.03.05"]
[SourceQuality "1"]

1. e4 d6 2. d4 Nf6 3. Nc3 e5 4. dxe5 dxe5 5. Qxd8+ Kxd8 6. Bc4 Be6 7. Bxe6 fxe6 8. f3 Nc6 9. Be3 Kc8 10. Nh3 Bb4 11. Nf2 Bxc3+ 12. bxc3 b6 13. Nd3 Kb7 14. Ke2 Ne8 15. Rhb1 Kc8 16. c4 Nd6 17. c5 Nc4 18. Bf2 Rd8 19. a4 Nd4+ 20. Bxd4 Rxd4 21. Rb4 a5 22. Rb3 Kb7 23. Rab1 g5 24. Rc3 g4 25. Rb5 gxf3+ 26. gxf3 Rg8 27. Kf2 Rf8 28. Ke2 Rg8 29. Kf2 Ka6 30. cxb6 cxb6 31. Rb1 Rf8 32. Ke2 Rg8 33. Kf2 Rf8 34. Re1 Nd2 35. Rc6 Nxf3 36. Nc5+ Ka7 37. Nxe6 Nxe1+ 38. Nxf8 Rxe4 39. Rc7+ Kb8 40. Ne6 Nxc2 41. Rxc2 Rxa4 42. Rc6 Kb7 43. Rc7+ Ka6 44. Rxh7 Rb4 45. Nc7+ Kb7 46. Nd5+ Kc6 47. Nxb4+ axb4 48. Ke3 Kc5 49. Kd3 e4+ 50. Kxe4 Kc4 51. Rc7+ Kb5 52. Kd3 b3 53. Kc3 b2 54. Kxb2 1-0

[Event "Titled Tuesday intern op 25th Feb Early"]
[Site "Chess.com INT"]
[Date "2025.02.25"]
[Round "6"]
[White "Velikanov, Alexander"]
[Black "Ashraf, Artin"]
[Result "1-0"]
[WhiteElo "2377"]
[BlackElo "2407"]
[PlyCount "129"]
[EventDate "2025.02.25"]
[EventType "swiss (blitz)"]
[EventRounds "11"]
[EventCountry "USA"]
[SourceTitle "CB10_2025"]
[SourceDate "2025.03.05"]
[SourceVersion "1"]
[SourceVersionDate "2025.03.05"]
[SourceQuality "1"]

1. e4 c6 2. d3 d5 3. Nd2 e5 4. Ngf3 Bd6 5. d4 exd4 6. Bd3 Ne7 7. 0-0 0-0 8. Re1 Ng6 9. exd5 cxd5 10. Nb3 Nc6 11. Nfxd4 Qf6 12. c3 Bd7 13. Qh5 Rae8 14. Bg5 Re5 15. f4 Rxg5 16. fxg5 Qd8 17. Bxg6 hxg6 18. Qh4 Ne5 19. Re2 a5 20. Rae1 a4 21. Rxe5 Bxe5 22. Rxe5 axb3 23. axb3 Bc8 24. Qg3 Re8 25. h4 Be6 26. Qe3 Bd7 27. Rxe8+ Bxe8 28. Qe5 Kf8 29. b4 Bc6 30. b5 Be8 31. Kf2 Qd7 32. Kg3 Qd8 33. Kf4 Qe7 34. Qxe7+ Kxe7 35. Ke5 f6+ 36. gxf6+ gxf6+ 37. Kxd5 b6 38. b3 Kd7 39. g4 Bf7+ 40. Ke4 Kd6 41. c4 Kc5 42. Nc6 Kd6 43. Kd4 Be6 44. g5 fxg5 45. hxg5 Bf5 46. b4 Bb1 47. c5+ Kc7 48. Ke5 Bd3 49. Nd4 Bc4 50. Kf6 Bd3 51. Ne6+ Kc8 52. cxb6 Bxb5 53. Kxg6 Kb7 54. Kf6 Kxb6 55. g6 Bd3 56. g7 Bh7 57. Nd4 Bg8 58. Ke7 Kc7 59. Kf8 Bc4 60. g8Q Bxg8 61. Kxg8 Kd6 62. Kf7 Kd5 63. b5 Kc5 64. Ke6 Kb6 65. Kd6 1-0

[Event "Titled Tuesday intern op 28th Jan Early"]
[Site "Chess.com INT"]
[Date "2025.01.28"]
[Round "4"]
[White "Trifonov, Denis"]
[Black "Velikanov, Alexander"]
[Result "0-1"]
[WhiteElo "2163"]
[BlackElo "2388"]
[PlyCount "72"]
[EventDate "2025.01.28"]
[EventType "swiss (blitz)"]
[EventRounds "11"]
[EventCountry "USA"]
[SourceTitle "CB06_2025"]
[SourceDate "2025.02.05"]
[SourceVersion "1"]
[SourceVersionDate "2025.02.05"]
[SourceQuality "1"]

1. e4 c5 2. d4 cxd4 3. Qxd4 Nc6 4. Qd3 e6 5. Nc3 Bb4 6. Nf3 Nge7 7. a3 Ba5 8. Bd2 d5 9. 0-0-0 0-0 10. exd5 exd5 11. Nxd5 Be6 12. Nxe7+ Qxe7 13. Bxa5 Nxa5 14. Qb5 Nc6 15. Bd3 h6 16. Rhe1 Qf6 17. Kb1 a6 18. Qb6 Rad8 19. h3 Bd5 20. Re3 Rfe8 21. Rxe8+ Rxe8 22. Bxa6 Bxf3 23. gxf3 bxa6 24. Qxa6 Rb8 25. b3 Qxf3 26. Qc4 Qxd1+ 27. Kb2 Qd6 28. Qd3 Qf6+ 29. Ka2 Rd8 30. Qe2 Nd4 31. Qd3 Rd6 32. Qc4 g5 33. a4 Rc6 34. Qb4 Nxc2 35. Qb8+ Kg7 36. Qg3 Qa1# 0-1

[Event "North American op 34th"]
[Site "Las Vegas"]
[Date "2024.12.26"]
[Round "2"]
[White "Yang, Ching Wei Austin"]
[Black "Velikanov, Alexander"]
[Result "1/2-1/2"]
[WhiteElo "2157"]
[BlackElo "2388"]
[PlyCount "111"]
[EventDate "2024.12.26"]
[EventType "swiss"]
[EventRounds "9"]
[EventCountry "USA"]
[SourceTitle "CB02_2025"]
[SourceDate "2025.01.08"]
[SourceVersion "1"]
[SourceVersionDate "2025.01.08"]
[SourceQuality "1"]

1. e4 c5 2. Nf3 e6 3. d4 cxd4 4. Nxd4 Nc6 5. Nc3 Nf6 6. Nxc6 bxc6 7. e5 Nd5 8. Ne4 Qc7 9. f4 f5 10. exf6 gxf6 11. Qh5+ Kd8 12. g3 Qb6 13. a3 Ba6 14. Bxa6 Qxa6 15. Qe2 Qxe2+ 16. Kxe2 Be7 17. b3 Ke8 18. Bb2 Kf7 19. Rad1 Nb6 20. Nd6+ Bxd6 21. Rxd6 Ke7 22. Rd2 d5 23. Kf3 Kf7 24. Re1 Nd7 25. Bd4 Rhe8 26. Rde2 a5 27. a4 c5 28. Bc3 c4 29. bxc4 Rac8 30. Bxa5 Rxc4 31. Rb1 Nc5 32. Rb4 Rxb4 33. Bxb4 Nxa4 34. Re3 Rc8 35. Ra3 Nb2 36. c3 Rc7 37. g4 Nc4 38. Ra6 Nd2+ 39. Ke2 Ne4 40. f5 exf5 41. gxf5 Nxc3+ 42. Bxc3 Rxc3 43. Ra7+ Kg8 44. Rd7 Rc2+ 45. Ke3 Rxh2 46. Rxd5 Kg7 47. Rd7+ Kh6 48. Kf4 Rh4+ 49. Kg3 Ra4 50. Rf7 Kg5 51. Rxh7 Ra3+ 52. Kf2 Kxf5 53. Rb7 Kg5 54. Rb2 f5 55. Rb4 Ra2+ 56. Kf3 1/2-1/2

[Event "Titled Tuesday intern op 24th Sep Late"]
[Site "Chess.com INT"]
[Date "2024.09.24"]
[Round "6"]
[White "Velikanov, Alexander"]
[Black "Fedoseev, Vladimir1"]
[Result "1-0"]
[WhiteElo "2387"]
[BlackElo "2692"]
[PlyCount "87"]
[EventDate "2024.09.24"]
[EventType "swiss (blitz)"]
[EventRounds "11"]
[EventCountry "USA"]
[SourceTitle "EXT 2025"]
[Source "ChessBase"]
[SourceDate "2024.10.14"]
[SourceVersion "1"]
[SourceVersionDate "2024.10.14"]
[SourceQuality "1"]

1. d4 Nf6 2. Nf3 g6 3. e3 Bg7 4. Be2 0-0 5. 0-0 d6 6. c4 Nbd7 7. Nc3 e5 8. b4 Re8 9. a4 exd4 10. exd4 c5 11. Nb5 Ne4 12. Bd3 a6 13. Bxe4 axb5 14. Bd5 Nb6 15. Bg5 Qd7 16. dxc5 Nxd5 17. cxd5 dxc5 18. bxc5 Bxa1 19. Qxa1 Rxa4 20. Qb2 Qxd5 21. Bh6 f6 22. Qxf6 Qf7 23. Qb6 Bg4 24. Qxb5 Qd7 25. c6 Qxc6 26. Qb2 Qd7 27. Ne5 Qd4 28. Qb3+ Be6 29. Qb5 Raa8 30. Nf3 Qd7 31. Qb2 Bd5 32. Ng5 Ra2 33. Qd4 Ra4 34. Qc3 Rc4 35. Qb2 Qe7 36. h3 Qe5 37. Qb5 Rc7 38. Rd1 Rd8 39. Nf3 Qe6 40. Ng5 Qc6 41. Qb2 Qc3 42. Qe2 Qc6 43. Qe5 Rcd7 44. Rd3 1-0

[Event "Titled Tuesday intern op 17th Sep Early"]
[Site "Chess,com INT"]
[Date "2024.09.17"]
[Round "2"]
[White "Kuzmin, Roman"]
[Black "Velikanov, Alexander"]
[Result "0-1"]
[WhiteElo "2156"]
[BlackElo "2387"]
[PlyCount "74"]
[EventDate "2024.09.17"]
[EventType "swiss (blitz)"]
[EventRounds "11"]
[EventCountry "USA"]
[SourceTitle "EXT 2025"]
[Source "ChessBase"]
[SourceDate "2024.10.14"]
[SourceVersion "1"]
[SourceVersionDate "2024.10.14"]
[SourceQuality "1"]

1. e4 Nf6 2. e5 Nd5 3. d4 d6 4. c4 Nb6 5. f4 dxe5 6. fxe5 Nc6 7. Be3 Bf5 8. Nc3 e6 9. Nf3 Be7 10. Be2 0-0 11. 0-0 f6 12. exf6 Bxf6 13. Qd2 Qd7 14. Rad1 Rad8 15. Qc1 Qe7 16. h3 h6 17. Kh1 Kh8 18. Rfe1 Bh7 19. Bg1 Qf7 20. b3 Nc8 21. Bd3 Bxd3 22. Rxd3 N8e7 23. Ne4 Nf5 24. Nc5 e5 25. dxe5 Be7 26. e6 Qg6 27. Rxd8 Rxd8 28. Ne4 Qxe6 29. g4 Nfd4 30. Nxd4 Nxd4 31. Bxd4 Rxd4 32. Qe3 c5 33. Nf2 Qc6+ 34. Kg1 Bf6 35. Qe8+ Qxe8 36. Rxe8+ Kh7 37. Ne4 Bh4 0-1

[Event "Titled Tuesday intern op 17th Sep Early"]
[Site "Chess,com INT"]
[Date "2024.09.17"]
[Round "3"]
[White "Velikanov, Alexander"]
[Black "Antonio, Rogelio Jr"]
[Result "1-0"]
[WhiteElo "2387"]
[BlackElo "2362"]
[PlyCount "77"]
[EventDate "2024.09.17"]
[EventType "swiss (blitz)"]
[EventRounds "11"]
[EventCountry "USA"]
[SourceTitle "EXT 2025"]
[Source "ChessBase"]
[SourceDate "2024.10.14"]
[SourceVersion "1"]
[SourceVersionDate "2024.10.14"]
[SourceQuality "1"]

1. d4 Nf6 2. Bg5 c5 3. d5 Qb6 4. Nc3 g6 5. d6 Bg7 6. dxe7 Qxb2 7. Bd2 Ne4 8. Nxe4 Qxa1 9. Qxa1 Bxa1 10. Bg5 f6 11. Nxf6+ Kxe7 12. Nd5+ Kd6 13. e4 Re8 14. f3 b6 15. c3 Nc6 16. Bf4+ Ne5 17. Kd2 Bb7 18. Nf6 Re7 19. Ng4 Rf8 20. Bxe5+ Rxe5 21. Nxe5 Kxe5 22. Kc2 Bxe4+ 23. Bd3 Bd5 24. Nh3 Bxc3 25. Kxc3 Bc6 26. Ng5 d5 27. Re1+ Kd6 28. Nxh7 Rf7 29. Ng5 Rf4 30. Re6+ Kd7 31. Rxg6 Ra4 32. Rg7+ Kd6 33. Nf7+ Ke6 34. Nd8+ Kf6 35. Rg6+ Ke5 36. Nxc6+ Kf4 37. h4 Ra3+ 38. Kd2 Rxa2+ 39. Bc2 1-0

[Event "Titled Tuesday intern op 17th Sep Early"]
[Site "Chess,com INT"]
[Date "2024.09.17"]
[Round "1"]
[White "Velikanov, Alexander"]
[Black "Shishkov, Andrei"]
[Result "1-0"]
[WhiteElo "2387"]
[BlackElo "2340"]
[PlyCount "59"]
[EventDate "2024.09.17"]
[EventType "swiss (blitz)"]
[EventRounds "11"]
[EventCountry "USA"]
[SourceTitle "EXT 2025"]
[Source "ChessBase"]
[SourceDate "2024.10.14"]
[SourceVersion "1"]
[SourceVersionDate "2024.10.14"]
[SourceQuality "1"]

1. d4 Nf6 2. Bg5 d5 3. Bxf6 gxf6 4. Nf3 c5 5. dxc5 e6 6. e3 Bxc5 7. c4 dxc4 8. Nbd2 c3 9. bxc3 Bd7 10. Ne4 Qe7 11. Nxc5 Qxc5 12. Qd4 Qe7 13. Rb1 Bc6 14. Be2 0-0 15. 0-0 Rd8 16. Qh4 Nd7 17. Rb4 Kh8 18. Bd3 Nf8 19. Ne5 Be8 20. Bb1 Rd5 21. Ng4 Rg5 22. f4 Ng6 23. Bxg6 Rxg6 24. f5 exf5 25. Rxf5 Rd8 26. Rh5 Rd1+ 27. Kf2 Rg7 28. Nxf6 Rd2+ 29. Kf1 Rd1+ 30. Ke2 1-0

[Event "Titled Tuesday intern op 03rd Sep Late"]
[Site "Chess.com INT"]
[Date "2024.09.03"]
[Round "2"]
[White "Hirneise, Jens"]
[Black "Velikanov, Alexander"]
[Result "0-1"]
[WhiteElo "2306"]
[BlackElo "2387"]
[PlyCount "156"]
[EventDate "2024.09.03"]
[EventType "swiss (blitz)"]
[EventRounds "11"]
[EventCountry "USA"]
[SourceTitle "EXT 2025"]
[Source "ChessBase"]
[SourceDate "2024.10.14"]
[SourceVersion "1"]
[SourceVersionDate "2024.10.14"]
[SourceQuality "1"]

1. d4 Nf6 2. c4 g6 3. g3 Bg7 4. Bg2 0-0 5. Nf3 c5 6. 0-0 d6 7. Nc3 Nc6 8. dxc5 dxc5 9. Be3 Qa5 10. Qa4 Ng4 11. Qxa5 Nxa5 12. Bxc5 Nxc4 13. Nd5 Bd7 14. Nxe7+ Kh8 15. Bd4 Rfe8 16. Bxg7+ Kxg7 17. Nd5 Rxe2 18. b3 Na3 19. h3 Nf6 20. Nf4 Rc2 21. Nd4 Rd2 22. Rfd1 Rxd1+ 23. Rxd1 Rb8 24. Rc1 Rc8 25. Re1 Nc2 26. Nxc2 Rxc2 27. Re2 Rc7 28. Kh2 Kf8 29. Rd2 b6 30. g4 h6 31. Nd3 Be6 32. Ne5 Rc1 33. Nc6 a6 34. Nb4 a5 35. Nd3 Rc3 36. Nf4 Ke7 37. Kg1 g5 38. Ne2 Rc8 39. Nd4 Rc5 40. Re2 Kd6 41. Rd2 Ke7 42. Kh2 Nd7 43. Re2 Kf6 44. Nf3 Ne5 45. Nxe5 Rxe5 46. Rd2 Rc5 47. Kg3 b5 48. Be4 Ke5 49. Bg2 Rc3+ 50. Kh2 b4 51. Re2+ Kd4 52. Rd2+ Rd3 53. Rc2 Rc3 54. Rd2+ Rd3 55. Rc2 Rd1 56. Bf3 Ra1 57. Be2 Bd5 58. Rd2+ Ke5 59. f3 Be6 60. Kg3 Rg1+ 61. Kf2 Ra1 62. Kg3 f5 63. Kg2 Kf4 64. Bb5 fxg4 65. hxg4 Bf7 66. Rd4+ Ke3 67. Re4+ Kd2 68. Re2+ Kc3 69. Re7 Bd5 70. Re5 Rxa2+ 71. Kg3 Bxb3 72. Rc5+ Kb2 73. Rc6 a4 74. Rxh6 a3 75. Ra6 Ra1 76. Bd7 a2 77. Bf5 Rc1 78. Rb6 a1Q 0-1